The shirt of a happy soul
| Titel: | The shirt of a happy soul : Estonian folk tales / compiled and retold by Piret Päär ; illustrated by Katrin Ehrlich ; translated by Adam Cullen ; edited by Robyn Laider |
|---|---|
| Verfasser: | |
| Beteiligt: | ; |
| Ausgabe: | Kordustrükk 2025 |
| Veröffentlicht: | Tallinn : Varak, 2025 |
| Umfang: | 180 Seiten : Illustrationen |
| Format: | Buch |
| Sprache: | Englisch |
| ISBN: | 9789985358054 |
alg: 53208265 001A $03004:31-07-25 001B $03004:28-08-25 $t09:35:31.000 001D $03004:28-08-25 001U $0utf8 001X $00 002@ $0Aau 002C $aText $btxt $2rdacontent 002D $aohne Hilfsmittel zu benutzen $bn $2rdamedia 002E $aBand $bnc $2rdacarrier 003@ $0532082656 004A $A978-9985-3-5805-4 007A $0532082656 $aHEB 010@ $aeng 010E $erda 011@ $a2025 $n2025 021A $aThe @shirt of a happy soul $dEstonian folk tales $hcompiled and retold by Piret Päär ; illustrated by Katrin Ehrlich ; translated by Adam Cullen ; edited by Robyn Laider 028A $BZusammenstellender $4com $71372840931 $8Päär, Piret$Z1963- [Tp1] $9532082494 028C $BIllustrator $4ill $71104294222 $8Ehrlich, Katrin$Z1969- [Tp3] $9381770672 028C $BHerausgeber $4edt $8Laider, Robyn [Tnu] $9488815290 032@ $aKordustrükk 2025 033A $pTallinn $nVarak 034D $a180 Seiten 034M $aIllustrationen 037A $aLiteraturangaben 044K $RGouvernement Estland $REstnische Sozialistische Sowjetrepublik $#Estland $#Estland $#Estland $#Estland (vor 1940) $#Republik Estland $#Estnische Republik $#Eesti $#Eesti Vabariik $#EV $#Estonia $#Republic of Estonia $#Estonie $#Ėstonskaja Respublika $74015587-0 $8Estland [Tg1] $9085035777 044K $RErzählung $RVolksliteratur $#Tales $#Contes $74136947-6 $8Volkserzählung [Ts1] $9085511196 045F $a390.0947980904 $eDDC23BSB 045F/01 $a390 045F/03 $f0904 045F/03 $g4798 lok: 53208265 24 exp: 53208265 24 1 #EPN 201B/01 $028-08-25 $t09:33:33.000 201C/01 $031-07-25 201U/01 $0utf8 203@/01 $01314614460 208@/01 $a27-08-25 $bz 209A/01 $a25.04462 $du $f050 $h25 04462 $x00 209C/01 $a25.04462 K $h25 04462 K 209G/01 $a74852750 $x00 220C/01 $akoe 247C/01 $8358050-7Marburg, Bibliothek des Herder-Instituts Marburg $9102600961
| LEADER | 00000cam a2200000 c 4500 | ||
|---|---|---|---|
| 001 | 532082656 | ||
| 003 | DE-603 | ||
| 005 | 20250828093531.0 | ||
| 007 | tu | ||
| 008 | 250731s2025 xx |||| | u00||u|eng c | ||
| 020 | |a 9789985358054 | ||
| 035 | |a (DE-599)HEB532082656 | ||
| 040 | |a DE-603 |b ger |c DE-603 |d DE-603 |e rda | ||
| 041 | |a eng | ||
| 082 | 0 | 4 | |8 1\u |a 390.0947980904 |q DE-101 |2 23/BSB |
| 085 | |8 1\u |b 390 | ||
| 085 | |8 1\u |z 1 |s 0904 | ||
| 085 | |8 1\u |z 2 |s 4798 | ||
| 100 | 1 | |a Päär, Piret |d 1963- |e Zusammenstellender |4 com |0 (DE-603)532082494 |0 (DE-588)1372840931 |2 gnd | |
| 245 | 0 | 0 | |a The shirt of a happy soul |b Estonian folk tales |c compiled and retold by Piret Päär ; illustrated by Katrin Ehrlich ; translated by Adam Cullen ; edited by Robyn Laider |
| 250 | |a Kordustrükk 2025 | ||
| 264 | 1 | |a Tallinn |b Varak |c 2025 | |
| 300 | |a 180 Seiten |b Illustrationen | ||
| 336 | |a Text |b txt |2 rdacontent | ||
| 337 | |a ohne Hilfsmittel zu benutzen |b n |2 rdamedia | ||
| 338 | |a Band |b nc |2 rdacarrier | ||
| 500 | |a Literaturangaben | ||
| 650 | 7 | |a Volkserzählung |0 (DE-588)4136947-6 |0 (DE-603)085511196 |2 gnd | |
| 651 | 7 | |a Estland |0 (DE-588)4015587-0 |0 (DE-603)085035777 |2 gnd | |
| 700 | 1 | |a Ehrlich, Katrin |d 1969- |e Illustrator |4 ill |0 (DE-603)381770672 |0 (DE-588)1104294222 |2 gnd | |
| 700 | 1 | |a Laider, Robyn |e Herausgeber |4 edt |0 (DE-603)488815290 | |
| 924 | 0 | |9 Mb 50 |a (DE-603)1314614460 |b DE-Mb50 |c HES |d c |g 25.04462 | |


